000 00179 a2200097 4500
020 _a9780545164001
041 _aeng
100 _aLynn Maslen Kertell
245 _aA,B
942 _cK
999 _c27840
_d27840